Professional doctorates (Record no. 140998)
[ view plain ]
| 000 -LEADER | |
|---|---|
| fixed length control field | 01279nam a2200301Ia 4500 |
| 082 04 - DEWEY DECIMAL CLASSIFICATION NUMBER | |
| Classification number | 378.20942 |
| 245 00 - TITLE STATEMENT | |
| Title | Professional doctorates |
| 260 ## - PUBLICATION, DISTRIBUTION, ETC. (IMPRINT) | |
| Place of publication | Maidenhead : |
| Name of publisher | Society for Research into Higher Education and Academic Knowledge & Open University, |
| Year of publication | 2004. |
| 300 ## - PHYSICAL DESCRIPTION | |
| Number of Pages | 169 p. |
| 650 #0 - SUBJECT ADDED ENTRY--TOPICAL TERM | |
| Topical Term | Degrees, Academic |
| Topical Term | Education |
| 700 1# - ADDED ENTRY--PERSONAL NAME | |
| Personal name | Scott, David, |
| 856 40 - ELECTRONIC LOCATION AND ACCESS | |
| Uniform Resource Identifier | http://site.ebrary.com/lib/rucke/Doc?id=10175201 |
No items available.
